Štíhlá výroba
Koncepcia štíhlej výroby je známa už niekoľko desaťročí a behom tej doby veľakrát preukázala svoj potenciál. V mnohých prípadoch však očakávania nesplnila a jej implementácia skončila neúspechom. Popis rizík a chýb, ktoré sa opakovane vyskytujú pri zavádzaní štíhlej výroby a odporúčania, ako im pre...
Enregistré dans:
| Auteur principal: | |
|---|---|
| Format: | Chapitre de livre |
| Langue: | tchèque |
| Sujets: | |
| Tags: |
Pas de tags, Soyez le premier à ajouter un tag!
|
MARC
| LEADER | 00000naa$a2200000$$$4500 | ||
|---|---|---|---|
| 001 | 0113530 | ||
| 005 | 20231213140243.6 | ||
| 041 | 0 | |a cze | |
| 044 | |a CZ | ||
| 245 | 1 | 0 | |a Štíhlá výroba |c Jaroslav Herec |
| 520 | |a Koncepcia štíhlej výroby je známa už niekoľko desaťročí a behom tej doby veľakrát preukázala svoj potenciál. V mnohých prípadoch však očakávania nesplnila a jej implementácia skončila neúspechom. Popis rizík a chýb, ktoré sa opakovane vyskytujú pri zavádzaní štíhlej výroby a odporúčania, ako im predchádzať. | ||
| 610 | 2 | 0 | |a výroba štíhla |
| 610 | 2 | 0 | |a efektívnosť výroby |
| 610 | 2 | 0 | |a manažment |
| 610 | 2 | 0 | |a výhody konkurenčné |
| 100 | 1 | |a Herec, Jaroslav | |